Memòria /
Descripción Física:
v. ; 30 cm ; 12cm
MARC
| LEADER | 00000nam a2200000Ia 4500 | ||
|---|---|---|---|
| 001 | 7854, 11706, 9411, 9412, 10259, 9413, 9414, 9415, 12004, 8606, 20903, 20904, 8607, 8608, 8609, 8610, 8611, 8612, 8613, 8614, 8615, 8616, 8617, 8618, 8619, 8620, 8621, 8622, 8623, 8624, 8625, 8626, 8627, 8628, 8629, 8630, 8631, 8632, 8633, 8470, 8471, 8634, 8635, 8636, 8637, 8638, 8639, 8039, 8919, 8986, 9301, 9714, 10612, 10610, 11029, 11386, 11661, 11985, 12257, 12602, 13812, 14640, 15153, 16438, 16828, 18184, 18185, 18839, 18840, 20064, 20065, 21175, 21176, 22493, 22494, 23125, 23126, 23432, 23433, 24035, 23754, 23755, 25055, 25056, 25057, 27058, 28077 | ||
| 003 | AGDB | ||
| 005 | 20260417122532.0 | ||
| 008 | 160829s1984 - xx 000 0 cat d | ||
| 040 | |c agdb |b cat | ||
| 080 | |a Memòries; CD-1-53 ; CD-1-54, CD-1-81, CD-1-98, CD-1-145, CD-1-163, CD-1-184, CD-1-216, CD-1-228, CD-1-221 | ||
| 110 | 1 | |a Barcelona (Catalunya : Província). |b Diputació |9 52408 | |
| 245 | |a Memòria / |c Diputació de Barcelona | ||
| 260 | |a Barcelona : |b Diputació. Presidència, |c 1984 - | ||
| 300 | |a v. ; |c 30 cm ; |c 12cm | ||
| 590 | |a Les memòries de 1900 a 1908 i de 1913 són manuscrites. | ||
| 590 | |a La memòria de l'any 1822 es titula: Breve noticia de las tareas y operaciones más importantes en que se ha ocupado la Diputación Provincial de Cataluña desde 6 de junio de 1820 hasta 28 de febrero de 1822. Des de 1950 fins 1977: Memoria de la gestión corporativa de la Excma. Diputación Provincial de Barcelona; des de 1978 fins 1995: Memòria de la gestió corporativa de la Diputació de Barcelona; a partir de 1996: Memòria. | ||
| 590 | |a L'any 1950 i 1951 provenen de R-242 i és una recopilació de documentació, incompleta. | ||
| 590 | |a Hi ha duplicats a: Memòries (1952-1959, 1964, 1967, 1982-2003, 2005, 2013) i a la Sala de Lectura (1972 - 2011, 2013) | ||
| 650 | 0 | |a Barcelona (Catalunya : Província). Diputació |x Memòries |9 23006 | |
| 710 | |9 53461 |a Barcelona (Catalunya : Província). |b Diputación Provincial | ||
| 856 | 4 | |u https://media.diba.cat/diba/fitxers/arxiu/memoria_diba/bib_9714_1991_baixa.pdf |y Any 1991 | |
| 856 | 4 | |u https://media.diba.cat/diba/fitxers/arxiu/memoria_diba/bib_9415_1928_baixa.pdf |y Any 1928 | |
| 856 | 4 | |u https://media.diba.cat/diba/fitxers/arxiu/memoria_diba/bib_9414_1924_1926_baixa.pdf |y Anys 1924-1926 | |
| 856 | 4 | |u https://media.diba.cat/diba/fitxers/arxiu/memoria_diba/bib_9413_1916_1920_baixa.pdf |y Anys 1916-1920 | |
| 856 | 4 | |u https://media.diba.cat/diba/fitxers/arxiu/memoria_diba/bib_9412_1904_1908_baixa.pdf |y Anys 1904-1908 | |
| 856 | 4 | |u https://media.diba.cat/diba/fitxers/arxiu/memoria_diba/bib_9411_1900_1903_baixa.pdf |y Anys 1900-1903 | |
| 856 | 4 | |u https://media.diba.cat/diba/fitxers/arxiu/memoria_diba/bib_9301_1990_baixa.pdf |y Any 1990 | |
| 856 | 4 | |u https://media.diba.cat/diba/fitxers/arxiu/memoria_diba/bib_8986_1989_baixa.pdf |y Any 1989 | |
| 856 | 4 | |u https://media.diba.cat/diba/fitxers/arxiu/memoria_diba/bib_8919_1988_baixa.pdf |y Any 1988 | |
| 856 | 4 | |u https://media.diba.cat/diba/fitxers/arxiu/memoria_diba/bib_8639_1986_baixa.pdf |y Any 1986 | |
| 856 | 4 | |u https://media.diba.cat/diba/fitxers/arxiu/memoria_diba/bib_8638_1985_baixa.pdf |y Any 1985 | |
| 856 | 4 | |u https://media.diba.cat/diba/fitxers/arxiu/memoria_diba/bib_8637_1984_baixa.pdf |y Any 1984 | |
| 856 | 4 | |u https://media.diba.cat/diba/fitxers/arxiu/memoria_diba/bib_8636_1983_baixa.pdf |y Any 1983 | |
| 856 | 4 | |u https://media.diba.cat/diba/fitxers/arxiu/memoria_diba/bib_8635_1982_baixa.pdf |y Any 1982 | |
| 856 | 4 | |u https://media.diba.cat/diba/fitxers/arxiu/memoria_diba/bib_8634_1981_baixa.pdf |y Any 1981 | |
| 856 | 4 | |u https://media.diba.cat/diba/fitxers/arxiu/memoria_diba/bib_8633_1978_baixa.pdf |y Any 1978 | |
| 856 | 4 | |u https://media.diba.cat/diba/fitxers/arxiu/memoria_diba/bib_8632_1977_baixa.pdf |y Any 1977 | |
| 856 | 4 | |u https://media.diba.cat/diba/fitxers/arxiu/memoria_diba/bib_8631_1976_baixa.pdf |y Any 1976 | |
| 856 | 4 | |u https://media.diba.cat/diba/fitxers/arxiu/memoria_diba/bib_8630_1975_baixa.pdf |y Any 1975 | |
| 856 | 4 | |u https://media.diba.cat/diba/fitxers/arxiu/memoria_diba/bib_8629_1974_baixa.pdf |y Any 1974 | |
| 856 | 4 | |u https://media.diba.cat/diba/fitxers/arxiu/memoria_diba/bib_8628_1973_baixa.pdf |y Any 1973 | |
| 856 | 4 | |u https://media.diba.cat/diba/fitxers/arxiu/memoria_diba/bib_8627_1972_baixa.pdf |y Any 1972 | |
| 856 | 4 | |u https://media.diba.cat/diba/fitxers/arxiu/memoria_diba/bib_8626_1971_baixa.pdf |y Any 1971 | |
| 856 | 4 | |u https://media.diba.cat/diba/fitxers/arxiu/memoria_diba/bib_8625_1970_baixa.pdf |y Any 1970 | |
| 856 | 4 | |u https://media.diba.cat/diba/fitxers/arxiu/memoria_diba/bib_8624_1969_baixa.pdf |y Any 1969 | |
| 856 | 4 | |u https://media.diba.cat/diba/fitxers/arxiu/memoria_diba/bib_8623_1968_baixa.pdf |y Any 1968 | |
| 856 | 4 | |u https://media.diba.cat/diba/fitxers/arxiu/memoria_diba/bib_8622_1967_baixa.pdf |y Any 1967 | |
| 856 | 4 | |u https://media.diba.cat/diba/fitxers/arxiu/memoria_diba/bib_8621_1966_baixa.pdf |y Any 1966 | |
| 856 | 4 | |u https://media.diba.cat/diba/fitxers/arxiu/memoria_diba/bib_8620_1965_baixa.pdf |y Any 1965 | |
| 856 | 4 | |u https://media.diba.cat/diba/fitxers/arxiu/memoria_diba/bib_8619_1964_baixa.pdf |y Any 1964 | |
| 856 | 4 | |u https://media.diba.cat/diba/fitxers/arxiu/memoria_diba/bib_8618_1963_baixa.pdf |y Any 1963 | |
| 856 | 4 | |u https://media.diba.cat/diba/fitxers/arxiu/memoria_diba/bib_8617_1962_baixa.pdf |y Any 1962 | |
| 856 | 4 | |u https://media.diba.cat/diba/fitxers/arxiu/memoria_diba/bib_8616_1961_baixa.pdf |y Any 1961 | |
| 856 | 4 | |u https://media.diba.cat/diba/fitxers/arxiu/memoria_diba/bib_8615_1960_baixa.pdf |y Any 1960 | |
| 856 | 4 | |u https://media.diba.cat/diba/fitxers/arxiu/memoria_diba/bib_8614_1959_baixa.pdf |y Any 1959 | |
| 856 | 4 | |u https://media.diba.cat/diba/fitxers/arxiu/memoria_diba/bib_8613_1958_baixa.pdf |y Any 1958 | |
| 856 | 4 | |u https://media.diba.cat/diba/fitxers/arxiu/memoria_diba/bib_8612_1957_baixa.pdf |y Any 1957 | |
| 856 | 4 | |u https://media.diba.cat/diba/fitxers/arxiu/memoria_diba/bib_8611_1956_baixa.pdf |y Any 1956 | |
| 856 | 4 | |u https://media.diba.cat/diba/fitxers/arxiu/memoria_diba/bib_8610_1955_baixa.pdf |y Any 1955 | |
| 856 | 4 | |u https://media.diba.cat/diba/fitxers/arxiu/memoria_diba/bib_8609_1954_baixa.pdf |y Any 1954 | |
| 856 | 4 | |u https://media.diba.cat/diba/fitxers/arxiu/memoria_diba/bib_8608_1953_baixa.pdf |y Any 1953 | |
| 856 | 4 | |u https://media.diba.cat/diba/fitxers/arxiu/memoria_diba/bib_8607_1952_baixa.pdf |y Any 1952 | |
| 856 | 4 | |u https://media.diba.cat/diba/fitxers/arxiu/memoria_diba/bib_8606_1948_baixa.pdf |y Any 1948 | |
| 856 | 4 | |u https://media.diba.cat/diba/fitxers/arxiu/memoria_diba/bib_8471_1980_baixa.pdf |y Any 1980 | |
| 856 | 4 | |u https://media.diba.cat/diba/fitxers/arxiu/memoria_diba/bib_8470_1979_baixa.pdf |y Any 1979 | |
| 856 | 4 | |u https://media.diba.cat/diba/fitxers/arxiu/memoria_diba/bib_8202_1862_baixa.pdf |y Any 1862 | |
| 856 | 4 | |u https://media.diba.cat/diba/fitxers/arxiu/memoria_diba/bib_8039_1987_baixa.pdf |y Any 1987 | |
| 856 | 4 | |u https://media.diba.cat/diba/fitxers/arxiu/memoria_diba/bib_7854_1822_baixa.pdf |y Any 1822 | |
| 856 | 4 | |u https://media.diba.cat/diba/fitxers/arxiu/memoria_diba/bib_20904_1951_baixa.pdf |y Any 1951 | |
| 856 | 4 | |u https://media.diba.cat/diba/fitxers/arxiu/memoria_diba/bib_20903_1950_baixa.pdf |y Any 1950 | |
| 856 | 4 | |u https://media.diba.cat/diba/fitxers/arxiu/memoria_diba/bib_16438_2003_baixa.pdf |y Any 2003 | |
| 856 | 4 | |u https://media.diba.cat/diba/fitxers/arxiu/memoria_diba/bib_15153_2002_baixa.pdf |y Any 2002 | |
| 856 | 4 | |u https://media.diba.cat/diba/fitxers/arxiu/memoria_diba/bib_14640_2001_baixa.pdf |y Any 2001 | |
| 856 | 4 | |u https://media.diba.cat/diba/fitxers/arxiu/memoria_diba/bib_13812_2000_baixa.pdf |y Any 2000 | |
| 856 | 4 | |u https://media.diba.cat/diba/fitxers/arxiu/memoria_diba/bib_12602_1999_baixa.pdf |y Any 1999 | |
| 856 | 4 | |u https://media.diba.cat/diba/fitxers/arxiu/memoria_diba/bib_12257_1998_baixa.pdf |y Any 1998 | |
| 856 | 4 | |u https://media.diba.cat/diba/fitxers/arxiu/memoria_diba/bib_12004_1941_baixa.pdf |y Any 1941 | |
| 856 | 4 | |u https://media.diba.cat/diba/fitxers/arxiu/memoria_diba/bib_11985_1997_baixa.pdf |y Any 1997 | |
| 856 | 4 | |u https://media.diba.cat/diba/fitxers/arxiu/memoria_diba/bib_11706_1871_baixa.pdf |y Any 1871 | |
| 856 | 4 | |u https://media.diba.cat/diba/fitxers/arxiu/memoria_diba/bib_11661_1996_baixa.pdf |y Any 1996 | |
| 856 | 4 | |u https://media.diba.cat/diba/fitxers/arxiu/memoria_diba/bib_11386_1995_baixa.pdf |y Any 1995 | |
| 856 | 4 | |u https://media.diba.cat/diba/fitxers/arxiu/memoria_diba/bib_11029_1994_baixa.pdf |y Any 1994 | |
| 856 | 4 | |u https://media.diba.cat/diba/fitxers/arxiu/memoria_diba/bib_10612_1992_baixa.pdf |y Any 1992 | |
| 856 | 4 | |u https://media.diba.cat/diba/fitxers/arxiu/memoria_diba/bib_10610_1993_baixa.pdf |y Any 1993 | |
| 856 | |u https://www.diba.cat/documents/94831/365925384/bib_7854_1822_baixa_100.pdf/b3df95ae-3def-3d2f-7f1c-0f4f4f570bce?t=1648111188776 |z bib_7854_1822.pdf | ||
| 856 | |u https://www.diba.cat/documents/94831/366392651/1862_baixa.pdf/808303d0-ff1f-debe-5103-0238909174f5?t=1648455503366 |z bib_8202_1862.pdf | ||
| 856 | |u https://www.diba.cat/documents/94831/366392651/1871_baixa.pdf/f0bf24b7-335e-3afd-e53e-99f81002e32b?t=1648212622934 |z bib_11706_1871.pdf | ||
| 856 | |u https://www.diba.cat/documents/94831/366392651/1900_1903_baixa.pdf/f9008b59-3f81-1654-fb26-f4325f2d07a7?t=1648211504410 |z bib_9411_1900_1903 | ||
| 856 | |u https://www.diba.cat/documents/94831/366392651/1904_1908_baixa.pdf/e560279c-a432-dd27-eeed-6a2ee5c65c2a?t=1648211587826 |z bib_9412_1904_1908.pdf | ||
| 856 | |u https://www.diba.cat/documents/94831/366392651/1913_baixa.pdf/b99452c9-c7ad-3117-3255-b15bcec44a59?t=1648211889313 |z bib_10259_1913.pdf | ||
| 856 | |u https://www.diba.cat/documents/94831/366392651/1916_1920_baixa.pdf/d219c1ad-82dc-a79e-42f3-4ebdb0d1463b?t=1648211601747 |z bib_9413_1916_1920.pdf | ||
| 856 | |u https://www.diba.cat/documents/94831/366392651/1924_1926_baixa.pdf/d3e67ea2-6f75-1795-3855-1d62f64db9bb?t=1648211613557 |z bib_9414_1924_1926.pdf | ||
| 856 | |u https://www.diba.cat/documents/94831/366392651/1928_baixa.pdf/f6995595-eeb5-8025-fc2c-2d2d1362bdee?t=1648211846553 |z bib_9415_1928.pdf | ||
| 856 | |u https://www.diba.cat/documents/94831/366392651/1941_baixa.pdf/2c8e0809-39ad-93cd-61f7-cd4e6a3fe84f?t=1648212638166 |z bib_12004_1941.pdf | ||
| 856 | |u https://www.diba.cat/documents/94831/366392651/1948_baixa.pdf/01018573-afb4-4ec3-cfac-d862a3a5d52b?t=1648206178593 |z bib_8606_1948.pdf | ||
| 856 | |u https://www.diba.cat/documents/94831/366392651/1950_baixa.pdf/330a6917-7b19-3075-5326-193a1b0834c7?t=1648214210069 |z bib_20903_1950.pdf | ||
| 856 | |u https://www.diba.cat/documents/94831/366392651/1951_baixa.pdf/c6ecfcf3-0024-605b-741f-635cdc365482?t=1648214224472 |z bib_20904_1951.pdf | ||
| 856 | |u https://www.diba.cat/documents/94831/366392651/1952_baixa.pdf/ef2c9e71-1a4f-e1fe-2616-ea14dc23cc8c?t=1648206209450 |y bib_8607_1952.pdf | ||
| 856 | |u https://www.diba.cat/documents/94831/366392651/1953_baixa.pdf/46622278-bfd2-95c2-31fc-0adfecd7573d?t=1648206253368 |z bib_8606_1953.pdf | ||
| 856 | |u https://www.diba.cat/documents/94831/366392651/1954_baixa.pdf/dede2dea-16a4-00b0-e566-0567e134bb76?t=1648206745850 |z bib_8609_1954.pdf | ||
| 856 | |u https://www.diba.cat/documents/94831/366392651/1955_baixa.pdf/51ef111c-3670-bcfc-f75b-081485463910?t=1648206793963 |z bib_8610_1955.pdf | ||
| 856 | |u https://www.diba.cat/documents/94831/366392651/1956_baixa.pdf/5ac959dc-1ab3-4962-8fa3-d13457e43482?t=1648206841169 |z bib_8611_1956.pdf | ||
| 856 | |u https://www.diba.cat/documents/94831/366392651/1957_baixa.pdf/4fd12ccc-8279-367a-94ea-4d115dada25a?t=1648206893673 |z bib_8612_1957.pdf | ||
| 856 | |u https://www.diba.cat/documents/94831/366392651/1958_baixa.pdf/06e6b28d-75f4-d2b4-08c1-bfed0fc0025d?t=1648207082568 |z bib_8613_1958.pdf | ||
| 856 | |u https://www.diba.cat/documents/94831/366392651/1959_baixa.pdf/f2ab6958-1927-9c51-2b31-a706e61b92ca?t=1648207142808 |z bib_8614_1959.pdf | ||
| 856 | |u https://www.diba.cat/documents/94831/366392651/1960_baixa.pdf/9dc66dfe-721e-d1cf-2894-6bf8ad21ecb7?t=1648207209403 |z bib_8615_1960.pdf | ||
| 856 | |u https://www.diba.cat/documents/94831/366392651/1961_baixa.pdf/bc567960-6891-a735-b8a5-d2c4bfc8da7e?t=1648207268675 |z bib_8616_1961.pdf | ||
| 856 | |u https://www.diba.cat/documents/94831/366392651/1962_baixa.pdf/4b7ed9d5-feb1-20c2-78ef-ada931a7a046?t=1648207336538 |z bib_8617_1962.pdf | ||
| 856 | |u https://www.diba.cat/documents/94831/366392651/1963_baixa.pdf/2b7d2ceb-8447-0da8-9df0-d5b70393b825?t=1648207401390 |z bib_8618_1963.pdf | ||
| 856 | |u https://www.diba.cat/documents/94831/366392651/1964_baixa.pdf/e0f0af76-6e24-d476-26c6-fbb80af70821?t=1648207479129 |z bib_8619_1964.pdf | ||
| 856 | |u https://www.diba.cat/documents/94831/366392651/1965_baixa.pdf/c9aa45ed-c1a4-4dd7-754d-55f5b6dcc170?t=1648207553175 |z bib_8620_1965.pdf | ||
| 856 | |u https://www.diba.cat/documents/94831/366392651/1966_baixa.pdf/7d5ef42b-03fb-25e5-4865-d147c542f683?t=1648207603843 |z bib_8621_1966.pdf | ||
| 856 | |u https://www.diba.cat/documents/94831/366392651/1967_baixa.pdf/8c518635-ae8d-91e5-e44d-4ae4e419aa56?t=1648207680612 |z bib_8622_1967.pdf | ||
| 856 | |u https://www.diba.cat/documents/94831/366392651/1968_baixa.pdf/d3d08250-e166-e1de-1958-a8ced56b6d07?t=1648207731608 |z bib_8623_1968.pdf | ||
| 856 | |u https://www.diba.cat/documents/94831/366392651/1969_baixa.pdf/1e0bc861-8bc7-e364-066f-032cf1bb1ac9?t=1648207832362 |z bib_8624_1969.pdf | ||
| 856 | |u https://www.diba.cat/documents/94831/366392651/1970_baixa.pdf/bc653a80-9c60-4891-982c-02e5ff7135f9?t=1648207887558 |z bib_8625_1970.pdf | ||
| 856 | |u https://www.diba.cat/documents/94831/366392651/1971_baixa.pdf/e08d9875-b30e-3cec-90ce-f9d92d2d270c?t=1648207966573 |z bib_8626_1971.pdf | ||
| 856 | |u https://www.diba.cat/documents/94831/366392651/1972_baixa.pdf/a2adfd83-cd0c-d2c2-63ed-97e5048ac73a?t=1648208032333 |z bib_8627_1972.pdf | ||
| 856 | |u https://www.diba.cat/documents/94831/366392651/1973_baixa.pdf/0c32316b-e0d2-0d36-4dce-8484c3a5d175?t=1648208084274 |z bib_8628_1973.pdf | ||
| 856 | |u https://www.diba.cat/documents/94831/366392651/1974_baixa.pdf/f12a2511-5710-1f77-26a6-ece1499602fb?t=1648208278564 |z bib_8629_1974.pdf | ||
| 856 | |u https://www.diba.cat/documents/94831/366392651/1975_baixa.pdf/0eb952bc-109b-55cb-f662-d37a087b564a?t=1648208323145 |z bib_8630_1975.pdf | ||
| 856 | |u https://www.diba.cat/documents/94831/366392651/1976_baixa.pdf/355bc6e7-a664-d36c-a577-380e35fdd443?t=1648208368395 |z bib_8631_1976.pdf | ||
| 856 | |u https://www.diba.cat/documents/94831/366392651/1977_baixa.pdf/7b1cde50-7bad-b310-b8ef-cf36f240e2e3?t=1648208580860 |z bib_8632_1977.pdf | ||
| 856 | |u https://www.diba.cat/documents/94831/366392651/1978_baixa.pdf/2cbc184f-9ce7-1cd9-ca21-5ebdf2693d0a?t=1648208562122 |z bib_8633_1978.pdf | ||
| 856 | |u https://www.diba.cat/documents/94831/366392651/1979_baixa.pdf/be7f29ef-6258-1809-e1fe-ae1e0c3ddfdf?t=1648206052472 |z bib_8470_1979.pdf | ||
| 856 | |u https://www.diba.cat/documents/94831/366392651/1980_baixa.pdf/4c7c0db7-f8db-cbf6-7ff4-88b78b6540ce?t=1648206145526 |z bib_8471_1980.pdf | ||
| 856 | |u https://www.diba.cat/documents/94831/366392651/1981_baixa.pdf/1c955321-0c4d-d189-ff48-46923f514b47?t=1648208547418 |z bib_8634_1981.pdf | ||
| 856 | |u https://www.diba.cat/documents/94831/366392651/1982_baixa.pdf/95a14585-7821-72fd-277d-9b1beae16f48?t=1648208876763 |z bib_8635_1982.pdf | ||
| 856 | |u https://www.diba.cat/documents/94831/366392651/1983_baixa.pdf/f9d2c74d-4e5a-5f09-fa62-b40579d60e45?t=1648208861241 |z bib_8636_1983.pdf | ||
| 856 | |u https://www.diba.cat/documents/94831/366392651/1984_baixa.pdf/1c719d7d-2f94-f774-54ba-fda3ce2c9c2d?t=1648208846512 |z bib_8637_1984.pdf | ||
| 856 | |u https://www.diba.cat/documents/94831/366392651/1985_baixa.pdf/f0b8a4c4-ce00-3ac6-9f86-793c2cecc042?t=1648211233410 |z bib_8638_1985.pdf | ||
| 856 | |u https://www.diba.cat/documents/94831/366392651/1986_baixa.pdf/5256ede4-5800-aa2c-5221-d230a4ea4b3f?t=1648211261915 |z bib_8639_1986.pdf | ||
| 856 | |u https://www.diba.cat/documents/94831/366392651/1987_baixa.pdf/e83f0719-28c2-e346-ce70-f58cfffa4d76?t=1648205956582 |z bib_8039_1987.pdf | ||
| 856 | |u https://www.diba.cat/documents/94831/366392651/1988_baixa.pdf/be432258-c155-c353-0a34-6d960f960722?t=1648211280317 |z bib_8919_1988.pdf | ||
| 856 | |u https://www.diba.cat/documents/94831/366392651/1989_baixa.pdf/a0f0ba89-27e3-b0cd-73de-0310b59b42cd?t=1648211464138 |z bib_8986_1989.pdf | ||
| 856 | |u https://www.diba.cat/documents/94831/366392651/1990_baixa.pdf/2fa2f064-4394-73f8-b083-6c547ed2ab1c?t=1648211483527 |z bib_9301_1990.pdf | ||
| 856 | |u https://www.diba.cat/documents/94831/366392651/1991_baixa.pdf/7ccdfb6c-5a21-e262-c623-c7fc54fe14e4?t=1648211872573 |z bib_9714_1991.pdf | ||
| 856 | |u https://www.diba.cat/documents/94831/366392651/1992_baixa.pdf/4c60c4a7-0977-e209-08c2-3e032e547569?t=1648212142684 |z bib_10612_1992.pdf | ||
| 856 | |u https://www.diba.cat/documents/94831/366392651/1993_baixa.pdf/95004f3e-0468-e7a4-7c66-851ac1f14cb2?t=1648212115754 |z bib_10610_1993.pdf | ||
| 856 | |u https://www.diba.cat/documents/94831/366392651/1994_baixa.pdf/ddb24cff-1f22-e0d5-a0d3-e5cd2bbc90a3?t=1648212161273 |z bib_11029_1994.pdf | ||
| 856 | |u https://www.diba.cat/documents/94831/366392651/1995_baixa.pdf/65da4fba-66de-7eba-e94a-20e342f58c12?t=1648212419470 |z bib_11386_1995.pdf | ||
| 856 | |u https://www.diba.cat/documents/94831/366392651/1996_baixa.pdf/35ca4c4a-656c-62ba-7b15-ba11c96b2e66?t=1648212439985 |z bib_11661_1996.pdf | ||
| 856 | |u https://www.diba.cat/documents/94831/366392651/1997_baixa.pdf/806d528d-e227-8c24-77dc-b73c70a7234d?t=1648212461819 |z bib_11985_1997.pdf | ||
| 856 | |u https://www.diba.cat/documents/94831/366392651/1998_baixa.pdf/250cb3ac-3427-d852-7973-b803c450a342?t=1648212481097 |z bib_12257_1998.pdf | ||
| 856 | |u https://www.diba.cat/documents/94831/366392651/1999_baixa.pdf/e950b99e-b18e-b802-969a-961e049b5254?t=1648212653118 |z bib_12602_1999.pdf | ||
| 856 | |u https://www.diba.cat/documents/94831/366392651/2000_baixa.pdf/0a4444f5-e795-fdf6-56a0-a61582cec9aa?t=1648212870849 |z bib_13812_2000.pdf | ||
| 856 | |u https://www.diba.cat/documents/94831/366392651/2001_baixa.pdf/8a99a5df-539e-fea6-158f-08d8b8c51f3d?t=1648214005163 |z bib_14640_2001.pdf | ||
| 856 | |u https://www.diba.cat/documents/94831/366392651/2002_baixa.pdf/e84a1b79-0a7b-a530-f4d7-e1dc27c3a221?t=1648214031526 |z bib_15153_2002.pdf | ||
| 856 | |u https://www.diba.cat/documents/94831/366392651/2003_baixa.pdf/cdfe5ffc-dbab-745b-577d-cd039bb366c2?t=1648214048849 |z bib_16438_2003.pdf | ||
| 856 | |u https://www.diba.cat/documents/94831/366392651/2004.pdf/c12aeaf6-d6ab-90f6-2e28-7fe1067667c3?t=1648471843501 |z bib_2004.pdf | ||
| 856 | |u https://www.diba.cat/documents/94831/366392651/2005.pdf/3530556f-faab-8680-0da7-50950ed4007c?t=1648471807142 |z bib_2005.pdf | ||
| 856 | |u https://seuelectronica.diba.cat/serveis-de-la-seu/memoria-corporativa/ |y A partir de 2006 (Seu Electrònica de la Diputació de Barcelona) | ||
| 866 | |a 1822, 1871, 1900-1903, 1904-1908, 1913, 1916-1920, 1924-1926, 1928, 1941, 1948, 1950, 1951, 1952, 1953, 1954, 1955, 1956, 1957, 1958, 1959, 1960, 1961, 1962, 1963, 1964, 1965, 1966, 1967, 1968, 1969, 1970, 1971, 1972, 1973, 1974, 1975, 1976, 1977, 1978, 1979, 1980, 1981, 1982, 1983, 1984, 1985, 1986, 1987, 1988, 1989, 1990, 1991, 1992, 1993, 1994, 1995, 1996, 1997, 1998, 1999 [acompanyada d'un mapa de la província de BCN, escala 1 : 350.000], 2000, 2001, 2002, 2003, 2004 [també en CD], 2005 [també en CD], 2006 [també en CD], 2007 [també en CD], 2008 [també en CD], 2009 [també en CD], 2010 [també en CD], 2011 [també en CD], 2012 [també en CD], 2013 [també en CD], 2014 [també en CD], 2015 [també en CD], 2016 [també en CD], 2017 [també en CD], 2018, 2021, 2022, 2023 | ||
| 901 | |a Arxiu | ||
| 942 | |n 1 |2 udc |c ARXIU | ||
| 952 | |0 0 |1 0 |4 0 |6 MEMÒRIES_CD153__CD154_CD181_CD198_CD1145_CD1163_CD1184_CD1216_CD1228_CD1221 |7 1 |9 55119 |a Arxiu |b Arxiu |d 2016-12-01 |l 0 |o Memòries; CD-1-53 ; CD-1-54, CD-1-81, CD-1-98, CD-1-145, CD-1-163, CD-1-184, CD-1-216, CD-1-228, CD-1-221 |p 7854, 11706, 9411, 9 |r 2016-12-01 00:00:00 |w 2016-12-01 |y ARXIU | ||
| 952 | |0 0 |1 0 |2 udc |4 0 |7 1 |9 62676 |a Arxiu |b Arxiu |d 2022-07-05 |h 2015 |o PDL |p 26168 |r 2022-07-05 00:00:00 |w 2022-07-05 |y ARXIU | ||
| 952 | |0 0 |1 0 |2 udc |4 0 |7 1 |9 63321 |a Arxiu |b Arxiu |d 2022-08-02 |h 2014 |o PDL |p 26401 |r 2022-08-02 00:00:00 |w 2022-08-02 |y ARXIU | ||
| 952 | |0 0 |1 0 |2 udc |4 0 |6 PDL |7 1 |9 63422 |a Arxiu |b Arxiu |d 2022-08-12 |h 2013 |o PDL |p 26456 |r 2022-08-12 00:00:00 |w 2022-08-12 |y ARXIU | ||
| 952 | |0 0 |1 0 |4 0 |6 PDL |7 1 |9 63508 |a Arxiu |b Arxiu |d 2022-08-22 |h 2013 |l 0 |o PDL |p 26519 |r 2022-08-22 00:00:00 |w 2022-08-22 |y ARXIU | ||
| 952 | |0 0 |1 0 |4 0 |6 PDL |7 1 |9 63509 |a Arxiu |b Arxiu |d 2022-08-22 |h 2014 |l 0 |o PDL |p 26520 |r 2022-08-22 00:00:00 |w 2022-08-22 |y ARXIU | ||
| 952 | |0 0 |1 0 |2 udc |4 0 |6 MEMÒRIES |7 1 |9 95924 |a Arxiu |b Arxiu |d 2023-07-10 |h 2012 |l 0 |o Memòries |p 28077 |r 2023-07-10 00:00:00 |w 2023-07-10 |y ARXIU | ||
| 952 | |0 0 |1 0 |2 udc |4 0 |7 1 |9 95925 |a Arxiu |b Arxiu |d 2023-07-10 |h 2016 |o PDL |p 28078 |r 2023-07-10 00:00:00 |w 2023-07-10 |y ARXIU | ||
| 952 | |0 0 |1 0 |2 udc |4 0 |6 PDL |7 1 |9 95926 |a Arxiu |b Arxiu |d 2023-07-10 |h 2017 |l 0 |o PDL |p 28079 |r 2023-07-10 00:00:00 |w 2023-07-10 |y ARXIU | ||
| 952 | |0 0 |1 0 |2 udc |4 0 |6 MEMÒRIES |7 1 |9 95927 |a Arxiu |b Arxiu |d 2023-07-10 |h 2018 |l 0 |o Memòries |p 28080 |r 2023-07-10 00:00:00 |w 2023-07-10 |y ARXIU | ||
| 952 | |0 0 |1 0 |2 udc |4 0 |7 1 |9 95928 |a Arxiu |b Arxiu |d 2023-07-10 |h 2018 |o PDL |p 28081 |r 2023-07-10 00:00:00 |w 2023-07-10 |y ARXIU | ||
| 952 | |0 0 |1 0 |2 udc |4 0 |6 MEMÒRIES |7 1 |9 95929 |a Arxiu |b Arxiu |d 2023-07-10 |h 2021 |l 0 |o Memòries |p 28082 |r 2023-07-10 00:00:00 |w 2023-07-10 |y ARXIU | ||
| 952 | |0 0 |1 0 |2 udc |4 0 |6 PDL |7 1 |9 95930 |a Arxiu |b Arxiu |d 2023-07-10 |h 2021 |l 0 |o PDL |p 28083 |r 2023-07-10 00:00:00 |w 2023-07-10 |y ARXIU | ||
| 952 | |0 0 |1 0 |2 udc |4 0 |6 MEMÒRIES |7 1 |9 95931 |a Arxiu |b Arxiu |d 2023-07-10 |h 2022 |l 0 |o Memòries |p 28084 |r 2023-07-10 00:00:00 |w 2023-07-10 |y ARXIU | ||
| 952 | |0 0 |1 0 |2 udc |4 0 |6 PDL |7 1 |9 95932 |a Arxiu |b Arxiu |d 2023-07-10 |h 2022 |l 0 |o PDL |p 28085 |r 2023-07-10 00:00:00 |w 2023-07-10 |y ARXIU | ||
| 952 | |0 0 |1 0 |2 udc |4 0 |6 MEMÒRIES |7 1 |9 97521 |a Arxiu |b Arxiu |d 2024-11-11 |h 2023 |l 0 |o Memòries |p 28616 |r 2024-11-11 00:00:00 |w 2024-11-11 |y ARXIU | ||
| 952 | |0 0 |1 0 |4 0 |6 MEMÒRIES |7 1 |9 98278 |a Arxiu |b Arxiu |d 2025-07-16 |h 2024 |l 0 |o Memòries |p 28941 |r 2025-07-16 00:00:00 |w 2025-07-16 |y ARXIU | ||
| 952 | |0 0 |1 0 |4 0 |6 PDL |7 1 |9 98279 |a Arxiu |b Arxiu |d 2025-07-16 |h 2024 |l 0 |o PDL |p 28942 |r 2025-07-16 00:00:00 |w 2025-07-16 |y ARXIU | ||
| 999 | |c 58991 |d 58991 | ||